000 00550cam a22002294a 4500
005 20250605164320.0
008 250528s ||||||||||||||||||||||||d
035 _a22846
020 _a9780071101134
040 _aGR-AtMCL
_bgre
_dGR-AtMCL
_eAACR2
245 1 _aMANAGERIAL ACCOUNTING
250 _a12
260 _c2008
300 _a792
700 1 _aBrewer Paul C
_98509
700 1 _aGarrison Ray H
_91185
700 1 _aNoreen Eric W
_91186
942 _cBK
710 2 _aMacmillan Business
_99714
999 _c7891
_d7891